The Short Textbook of Medical Microbiology (Record no. 1763)

MARC details
000 -LEADER
Fixed length control field 00663nam a22002297a 4500
003 - CONTROL NUMBER IDENTIFIER
Control field IIN
005 - DATE AND TIME OF LATEST TRANSACTION
Control field 20250429104224.0
008 - FIXED-LENGTH DATA ELEMENTS--GENERAL INFORMATION
Fixed length control field 250429s |||ad||| |||| 001 0 eng d
020 ## - INTERNATIONAL STANDARD BOOK NUMBER / ISBN
International Standard Book Number 9789389776010
Price Rs.1195.00
040 ## - CATALOGING SOURCE
Original cataloging agency IIN
082 ## - DEWEY DECIMAL CLASSIFICATION NUMBER
Classification number 616.9041
Book Number GUP
100 ## - MAIN ENTRY--PERSONAL NAME
Personal name Gupte, Satish
245 ## - TITLE STATEMENT
Title The Short Textbook of Medical Microbiology
Sub title (Including Parasitology and Entomology)
Statement of responsibility Satish Gupte
250 ## - EDITION STATEMENT
Edition statement 11th ed.
260 ## - IMPRINT
Place of publication New Delhi
Name of publisher Jaypee
Date of publication 2020
300 ## - PHYSICAL DESCRIPTION
Page / Vol. No xi, 436 p.
Other physical details col. ill.
500 ## - GENERAL NOTE
General note Includes Index
650 ## - SUBJECT ADDED ENTRY--TOPICAL TERM
Topical term Medical Microbiology
650 ## - SUBJECT ADDED ENTRY--TOPICAL TERM
Topical term Parasitology
Form subdivision Microbiology
650 ## - SUBJECT ADDED ENTRY--TOPICAL TERM
Topical term Entomology
Form subdivision Microbiology
942 ## - ADDED ENTRY ELEMENTS (KOHA)
Koha item type Books
Holdings
Withdrawn status Lost status Source of classification Damaged status Not for loan Collection code Home library Current library Shelving location Date acquired Price Total Checkouts Call number Accession number Date last seen Price effective from Koha item type
    Dewey Decimal Classification     Purches Book IDEAL INSTITUTE OF NURSING IDEAL INSTITUTE OF NURSING General Stacks 11/03/2025 1195.00   616.9041 GUP 1922 29/04/2025 29/04/2025 Books
© Ideal Institute Of Nursing, All rights reserved.         Powered by Koha